Mirror of language: the debate on bilingualism
Furkejuvvon:
| Váldodahkki: | |
|---|---|
| Materiálatiipa: | Girji |
| Giella: | eaŋgalasgiella |
| Almmustuhtton: |
Nueva York
Basic Books
1986
|
| Preanttus: | 1a. ed |
| Fáttát: | |
| Fáddágilkorat: |
Lasit fáddágilkoriid
Eai fáddágilkorat, Lasit vuosttaš fáddágilkora!
|
MARC
| LEADER | 00000nam a2200000 a 4500 | ||
|---|---|---|---|
| 001 | UCH0255 | ||
| 003 | CL-VaPUC | ||
| 008 | 090227e19860000US |||||||||||||||||eng|d | ||
| 020 | |a 0465046363 | ||
| 082 | 0 | 4 | |a 404.2 |b HAK |2 21 |
| 100 | |a Hakuta, Kenji |e author |9 534440 | ||
| 245 | 1 | 0 | |a Mirror of language: the debate on bilingualism |
| 250 | |a 1a. ed | ||
| 300 | |a 268 p | ||
| 942 | |c BK | ||
| 945 | |d 20090227 00:00:00 |a cmena | ||
| 260 | |a Nueva York |b Basic Books |c 1986 | ||
| 650 | 0 | |a Bilingüismo |9 307482 | |
| 650 | 0 | |a Adquisición del lenguaje |9 309032 | |
| 650 | 0 | |a Sociolingüística |9 263716 | |
| 583 | |a last modification |c 20130104 11:24:37 |k Rodrigo Vera | ||
| 999 | |c 332593 |d 332591 | ||
| 952 | |0 0 |1 0 |4 0 |6 404_200000000000000_HAK_1986 |7 0 |8 A |9 420440 |a FDOPOS |b FDOPOS |d 2019-11-22 |i 4516745 |o 404.2 HAK 1986 |p 4516745 |r 2025-01-22 |w 2019-11-22 |y BK |k MLA | ||